|
|
|
|
| LEADER |
00000nam2a2200000 4500 |
| 001 |
63908 |
| 005 |
20231031065124.0 |
| 010 |
|
|
|a 5705508212
|
| 035 |
|
|
|a (RuTPU)RU\TPU\book\67811
|
| 090 |
|
|
|a 63908
|
| 100 |
|
|
|a 20040521d1991 m y0rusy50 ca
|
| 101 |
0 |
|
|a rus
|
| 102 |
|
|
|a RU
|
| 105 |
|
|
|a a z 001ay
|
| 200 |
0 |
|
|a Т. 3: Фаворит. Кн. 1: Его императрица
|e роман-хроника времен Екатерины II
|
| 210 |
|
|
|d 1991
|
| 215 |
|
|
|a 592 с.
|c ил.
|
| 333 |
|
|
|a Исключено из фонда НТБ ТПУ
|
| 461 |
|
1 |
|0 (RuTPU)RU\TPU\book\67810
|t Избранные произведения
|o в 12 томах
|f В. С. Пикуль
|v Т. 3: Фаворит. Кн. 1: Его императрица
|d 1991-
|
| 801 |
|
1 |
|a RU
|b 63413507
|c 20040521
|g PSBO
|
| 801 |
|
2 |
|a RU
|b 63413507
|c 20210131
|g PSBO
|
| 942 |
|
|
|c BK
|